000 00301nam a22001337a 4500
008 170830b xxu||||| |||| 00| 0 eng d
020 _a9781582431093
041 _aeng
080 _a070
100 _a40
101 _aMED
245 _aREPORTING BACK: NOTES ON JOURNALISM
_cROSS,L
942 _2udc
_cBK
999 _c25585
_d25585